Multiple Choice City Quiz - Canberra - Statistics

General Stats
  • This quiz has been taken 30 times
    25 since last reset
  • The average score is 6 of 10
Answer Stats
Question Answer % Correct
Canberra was created from a comprimise when Sydney and _______ couldn't decide who would be the capital city. Melbourne
88%
Canberra is in its own territory of Australia. What territory surrounds Australian Capital Territory? New South Wales
88%
As of the 2016 census, what percent of Canberra's population came from overseas? 32%
75%
What mountain range is Canberra at the northern tip of? Australian Alps
71%
What is the oldest serving public building in Canberra? Church of St. John The Baptist
63%
Name of the largest flower festival in the Southern Hemisphere that is held in Canberra. Floriade
63%
What was the name of the indigenous tribes that inhabited the area where Canberra is today? Aboriginal Australians
58%
What country did the architects, who planned out Canberra, Walter and Marion Griffon come from? United States
42%
Which of these was not a proposed name of Canberra? Platypusia
33%
Who was the first European land owner in this region who named the area Canberry? Joshua John Moore
29%
No matching quizzes found
Score Distribution
Percent of People with Each Score
Percentile by Number Answered
Your Score History
You have not taken this quiz since the last reset